| 000 | 01974nab a2200289 a 4500 | ||
|---|---|---|---|
| 005 | 20250226103253.0 | ||
| 008 | 991125c2016 cl fr p o 000 0 spa d | ||
| 035 | _aUPN01000221602 | ||
| 040 |
_aUPN _bspa _cUPN _eaacr2 |
||
| 049 | _aART-E | ||
| 100 | 1 |
_aJoiko, Sara _6- sjoiko@cide.cl |
|
| 100 | 1 | _aVásquez, Alba | |
| 245 | 1 | 0 |
_aAcceso y elección escolar de familias migrantes en Chile: No tuve problemas porque la escuela es abierta, porque acepta muchas nacionalidades _h[recurso electrónico en línea] |
| 506 | 0 | _aAcceso abierto | |
| 520 | 3 | _aEn términos de migración, Chile podría considerarse una nación que envía más migrantes de los que recibe, ya que casi un millón de personas ha emigrado en el pasado y por cada migrante que vive en Chile, tres chilenos viven en el exterior. Sin embargo durante los últimos 25 años ha habido un aumento del fenómeno inmigratorio en Chile el cual no solo ha involucrado a adultos en búsqueda de mejores condiciones y oportunidades, sino también a niños y adolescentes en edad escolar. Por lo tanto, en un contexto caracterizado por un modelo de cuasi mercado educativo en el que el proceso de elección escolar juega un rol importante en la experiencia de los estudiantes y sus familias, este artículo busca explorar cómo dicho proceso puede actuar como una forma de inclusión en el sistema educativo y en la sociedad en general, teniendo en cuenta que las escuelas pueden ser potencialmente sitios tanto de exclusión como de inclusión social. | |
| 650 | 4 |
_944286 _aFamilias |
|
| 650 | 4 |
_aIntegración escolar _9306 |
|
| 653 | 0 | _aElección escolar | |
| 653 | 0 | _aInterculturalidad | |
| 653 | 0 | _aMigración | |
| 773 |
_gNo. 45 (2016), p. 132-173 _tCalidad en la educación _x0717-4004 |
||
| 856 | 4 | _uhttps://www.calidadenlaeducacion.cl/index.php/rce/article/view/21 | |
| 856 | 4 | _uhttps://doi.org/10.31619/caledu.n45.21 | |
| 902 | _aGloria Jiménez/0524 | ||
| 905 | _aArticulo | ||
| 942 | _cART-E | ||
| 999 |
_c193699 _d193699 |
||